000 00532 a2200169 4500
999 _c8470
_d8470
020 _a9789280811759
050 _aHV7435 SEX 2009
100 _aFarr, Vanessa
_eeditor
245 _aSexed pistols;
_bThe gendered impacts of small arms & light weapons/
264 _aTokyo:
_bUnited Nations University Press;
_c2009
300 _axxii,461p.;
500 _aIncludes index
650 _aMilitarizing the domestic sphere
700 _aMyrttinen, Henri
_eeditor
700 _aSchnabel, Albretcht
_eeditor
942 _2lcc
_cBK
_h7435
_iSEX
_kHV